Statistics for Throne of Glass

Click here to take the quiz!

General Stats

  • This quiz has been taken 770 times
  • The average score is 23 of 32

Answer Stats

HintAnswer% Correct
Captain of the Guard's nameChaol
99%
Crown Prince of Adarlan's nameDorian Havillard
99%
What species is the main character?demi-Fae
96%
Main Character's first loveSam
95%
Main Character's original nameAelin Ashyrver Galathynius
93%
Main Character's dog's nameFleetfoot
90%
Foreign PrincessNehemia
86%
Main Character's CousinAedion Ashryver
85%
What color hair does the main character have?Blonde
85%
Dead queen that visits main characterElena
85%
What is this freed Fae's type of magic?Ice
85%
Salt mines where main character workedEndovier
84%
King of the AssassinsArobynn Hamel
83%
What type of magic does the main character possess?Fire
82%
Main color of main character's eyesBlue
80%
Group of a certain number of witches, The _________Thirteen
77%
What is the name of the Fae the main character sets free in Wendlyn?Rowan Whitethorn
75%
Irontooth witch in Hollin's circusBaba Yellowlegs
72%
Color of main character's dog's furGolden
70%
Color dress main character wears when she tells Archer she was sent to kill himRed
70%
You could rattle the ______stars
69%
Bronze skullMort
68%
Dragon-like steedsWyverns
67%
What obsidion building outside the castle is haunting to the main character?Clock tower
64%
Husband of ^Gavin
60%
Main character's fatherRhoe Galathynius
54%
What name was the main character dubbed by he foreign friend?Elentiya
53%
Main character's motherEvalin Galathynius
52%
Prince's cousin, Lord_______Roland
51%
What does that name(^) mean?The Spirit that cannot be broken
30%
What is the book that keeps finding the main characterThe Walking Dead
26%
What is behind the tapestry in the main character's room?A door
3%

Score Distribution

Percentile by Number Answered

Percent of People with Each Score

Your Score History

You have not taken this quiz